MESTSKÁ KNIŽNICA GIRALTOVCE  - online katalóg 

Liecitel snov 3. (Record no. 22427)

000 -NÁVESTIE
fixed length control field 00371nam a2200145 4500
008 - ÚDAJE S PEVNOU DĹŽKOU – VŠEOBECNÉ INFORMÁCIE
fixed length control field 190521s2007||||xo d
020 ## - MEDZINÁRODNÉ ŠTANDARDNÉ ČÍSLO KNIHY (ISBN)
Medzinárodné štandardné číslo knihy (ISBN) 9788071631374
Údaje o dostupnosti 0
041 1# - KÓD JAZYKA
Kód jazyka textu/zvukovej stopy alebo samostatných nápisov slo
044 ## - KÓD KRAJINY VYDAVATEĽA/PRODUCENTA
Kód krajiny MARC xo
Kód krajiny ISO SK
245 10 - NÁZOV
Názov Liecitel snov 3.
Zvyšok názvu Pravdivý príbeh o zázracnom uzdravení
260 ## - VYDAVATEĽSKÉ ÚDAJE, DISTRIBÚCIA ATĎ.
Názov vydavateľa, distibútora atď. Columbus
Miesto publikovania, distribúcie atď. Bratislava
Dátum publikovania, distribúcie atď. 2007
250 ## - ÚDAJ O PORADÍ VYDANIA
Údaj o poradí vydania 1.vydanie
300 ## - FYZICKÝ POPIS
Rozsah 128s.
958 ## - Formálny deskriptor
Formálny deskriptor AUL
Holdings
Stav stiahnutia (Blokovanie) (Withrawn status) Stav straty Zdroj klasifikácie pre skladovanie Stav poškodenia (Damaged status) Nie pre výpožičky (Not for loan) Spôsob nadobudnutia (Collection code) Trvalé umiestnenie Aktuálne umiestnenie Dátum nadobudnutia Inventárne číslo (prírastkové číslo) Celkom výpožičky Celkom prolongácie (predĺženia) Full call number Čiarový kód Dátum posledného výskytu Dátum poslednej výpôžičky Cena s účinnosťou od Typ jednotky Koha
          Dar Mestská knižnica Giraltovce Mestská knižnica Giraltovce 2019-05-10 20759 1 2 S1417 S1417 2026-04-21 2026-01-12 2019-12-12 Odborná literatúra pre dospelých

Powered by Koha